Catálogo

INTRODUCCION AL ANALISIS DE TEXTOS (Registro nro. 34233)

Detalles MARC
000 -LEADER
fixed length control field 00474nam a2200181 a 4500
001 - CONTROL NUMBER
control field 34233
005 - DATE AND TIME OF LATEST TRANSACTION
control field 20180714002326.0
008 - FIXED-LENGTH DATA ELEMENTS--GENERAL INFORMATION
fixed length control field 140415s1990 000 0 spa d
041 ## - LANGUAGE CODE
Language code of text/sound track or separate title spa
082 ## - DEWEY DECIMAL CLASSIFICATION NUMBER
Classification number 410
Item number MIE
100 1# - MAIN ENTRY--PERSONAL NAME
Personal name MIER, RAYMUNDO
245 10 - TITLE STATEMENT
Title INTRODUCCION AL ANALISIS DE TEXTOS
250 ## - EDITION STATEMENT
Edition statement 2a ed.
260 ## - PUBLICATION, DISTRIBUTION, ETC.
Place of publication, distribution, etc. [s.l.] :
Name of publisher, distributor, etc. TRILLAS,
Date of publication, distribution, etc. 1990
300 ## - PHYSICAL DESCRIPTION
Extent 162
490 ## - SERIES STATEMENT
Series statement BIBLIOTECA UNIVERSITARIA BASICA
650 14 - SUBJECT ADDED ENTRY--TOPICAL TERM
Topical term or geographic name entry element LINGUISTICA
General subdivision SEMANTICA
Existencias
Withdrawn status Lost status Source of classification or shelving scheme Damaged status Not for loan Collection code Home library Current library Shelving location Date acquired Source of acquisition Inventory number Total Checkouts Full call number Barcode Date last seen Date last checked out Price effective from Koha item type
    Dewey Decimal Classification     General Biblioteca Karol Wojtyla Biblioteca Karol Wojtyla Sala general 03/12/2013 Compra 151000000000000000042333   410 MIE 5212 05/01/2026 17/06/2017 03/12/2013 Libro
    Dewey Decimal Classification     General Biblioteca Karol Wojtyla Biblioteca Karol Wojtyla Sala general 03/12/2013 Compra 151000000000000000042332   410 MIE 5190 05/01/2026   03/12/2013 Libro